| 000 | 01115nam a2200253Ia 4500 | ||
|---|---|---|---|
| 001 | 18166 | ||
| 003 | GE_BSU | ||
| 008 | 181216s||||||||xx |||||||||||||| ||und|| | ||
| 040 | _cGE_BSU | ||
| 080 | _a811.133.1(063) | ||
| 245 | _aფრანკოფონია როგორც კულტურათა დიალოგი | ||
| 245 | _bსამეცნიერო კონფერენციის მასალები | ||
| 245 | _cრედ. ე. ჟორჟოლიანი | ||
| 250 | _aაკაკი წერეთლის სახელობის სახ. უნ-ტი | ||
| 260 | _aქუთაისი | ||
| 260 | _bაკაკი წერეთლის სახ. უნ-ტი | ||
| 260 | _c2008 | ||
| 300 | _a171გვ.21სმ. | ||
| 520 | _aპარალ. სათ. ფრანგ. ენ. | ||
| 541 | _h5ლ. | ||
| 653 | _aსამეცნიერო კონფერენციის მასალები | ||
| 653 | _aფრანკოფონია როგორც კულტურათა დიალოგი | ||
| 942 | _cBK | ||
| 999 |
_c51207 _d51207 |
||